Arsenal FC Squad 2023-2024 - Statistics

General Stats
  • This quiz has been taken 1,302 times
    949 since last reset
  • The average score is 22 of 26
Answer Stats
# Position Nation Player % Correct
8 MF Norway Martin Ødegaard
98%
2 DF France William Saliba
98%
7 FW England Bukayo Saka
97%
9 FW Brazil Gabriel Jesus
97%
6 DF Brazil Gabriel
96%
11 FW Brazil Gabriel Martinelli
96%
1 GK England Aaron Ramsdale
95%
5 MF Ghana Thomas Partey
94%
4 DF England Ben White
93%
22 GK Spain David Raya
93%
29 FW Germany Kai Havertz
91%
35 DF Ukraine Oleksandr Zinchenko
91%
- Coach Spain Mikel Arteta
90%
19 FW Belgium Leandro Trossard
89%
20 MF Italy Jorginho
87%
18 DF Japan Takehiro Tomiyasu
85%
41 MF England Declan Rice
83%
12 DF Netherlands Jurrien Timber
80%
15 DF Poland Jakub Kiwior
79%
25 MF Egypt Mohamed Elneny
76%
10 MF England Emile Smith Rowe
73%
14 FW England Eddie Nketiah
69%
21 MF Portugal Fábio Vieira
62%
17 DF Portugal Cédric
58%
24 FW England Reiss Nelson
55%
31 GK Estonia Karl Hein
41%
No matching quizzes found
Score Distribution
Percent of People with Each Score
Percentile by Number Answered
Your Score History
You have not taken this quiz since the last reset